00386pab a2200145 454500008004000000100002100040245007900061260000900140300001200149362001200161650001800173700001700191700001900208773001300227180718b2001 xxu||||| |||| 00| 0 eng d aSingh Amod Kumar aRole efficacy and role stress as moderates of organisational effectiveness c2001 ap.15-23 aOct-Dec aOrganizations aPandey, U.D. aBhardwaj, Gopa aAbhigyan